| 000 | 01443cam a2200373 a 4500 | ||
|---|---|---|---|
| 001 | EDZ0000175292 | ||
| 003 | StDuBDS | ||
| 005 | 20161031105229.0 | ||
| 006 | m||||||||d|||||||| | ||
| 007 | cr ||||||||||| | ||
| 008 | 131126s2012 caua fo| 001|0|eng d | ||
| 020 |
_a9781446288382 (ebook) : _cNo price |
||
| 040 |
_aStDuBDS _beng _cStDuBDS _epn |
||
| 049 | _aAlfaisal Main Library | ||
| 050 | 0 |
_aBF636.6 _b.F37 2012 |
|
| 082 | 0 | 4 |
_a158.3 _223 |
| 100 | 1 | _aFaris, Ariana. | |
| 245 | 1 | 0 |
_aIntegrative counselling & psychotherapy _h[electronic resource] : _ba relational approach / _cAriana Faris and Els van Ooijen. |
| 246 | 3 | 0 | _aIntegrative counseling and psychotherapy |
| 260 |
_aLos Angeles : _bSAGE, _c2012. |
||
| 300 |
_a1 online resource (x, 176 p.) : _bill. |
||
| 504 | _aIncludes bibliographical references and index. | ||
| 520 | 8 | _aThis practical book introduces a new model for working with clients, integrating the three most popular approaches - person-centred, psychodynamic and CBT. | |
| 521 | _aSpecialized. | ||
| 588 | _aDescription based on print version record. | ||
| 650 | 0 | _aCounseling. | |
| 650 | 0 | _aPsychotherapy. | |
| 655 | 7 |
_aElectronic books. _2local |
|
| 700 | 1 | _aOoijen, Els van. | |
| 710 | 2 | _aSage eBooks | |
| 776 | 0 | 8 |
_iPrint version : _z9780857021267 |
| 856 | 4 | 0 | _uhttp://ezproxy.alfaisal.edu/login?url=http://sk.sagepub.com/books/integrative-counselling-and-psychotherapy |
| 942 |
_2lcc _cEBOOKS |
||
| 999 |
_c482223 _d482223 |
||